| 000 | 00432nam a22001457a 4500 | ||
|---|---|---|---|
| 082 |
_a516.24 _bABB _cL-4, P-12 |
||
| 100 |
_aAbbott. P, _938974 |
||
| 245 | _aTeach yourself trignometry / | ||
| 260 |
_aLondon: _bThe english universities press ltd _cc1940 |
||
| 300 |
_avii, 204 p. : _bdiagr _c18cm |
||
| 526 |
_a0 _b0 _c0 _d516_240000000000000_ABB |
||
| 526 |
_a0 _b0 _c0 _d516_240000000000000_ABB |
||
| 650 |
_aMCE _9379 |
||
| 942 |
_2ddc _cBK |
||
| 999 |
_c543872 _d543872 |
||